000 00578nam a2200205Ii 4500
003 JO-AjNU
008 230606s9999||||xx |||||||||||||| ||und||
020 _a978-0-495-41141-3
040 _aJO-AjNU
_beng
_erda
_cJO-AjNU
041 _aeng
050 1 4 _aTA710.2008
100 3 _aDas, Braja,
_eauthor
_94174
245 0 0 _aIntroducation to Geotechnical Engineering
264 3 1 _aAustralia:Thomson,2008
300 _a364p
336 _atext
_btxt
_2rdacontent
337 _aunmediated
_bn
_2rdamedia
338 _avolume
_bnc
_2rdacarrier
650 4 _aEngineering Geology
_94175
999 _aE2172
_c2170
_d2170